| 000 | 01221nam0a2200337 4500 | ||
|---|---|---|---|
| 001 | RU\NLR\bibl\98327 | ||
| 005 | 20260408214721.0 | ||
| 010 |
_a5-7978-0069-1 _93000 |
||
| 021 |
_aRU _b2000-9818 _9488 |
||
| 035 | _a(NLR Aleph) 000096127 | ||
| 090 |
_a541087 _c541087 |
||
| 100 | _a20000717d2000 u y0rusy50 ca | ||
| 101 | 0 | _arus | |
| 102 | _aRU | ||
| 105 | _ay ||||||||| | ||
| 200 | 1 |
_aОчерки истории российского туризма _fГригорий Усыскин |
|
| 210 |
_aМ. _aСПб. _cГерда _d2000 |
||
| 215 |
_a219 с. _d20 |
||
| 300 | _aНа обороте тит.л. авт.: Г.С. Усыскин - д.ист.н., проф., д.чл. Акад. туризма | ||
| 320 | _aБиблиогр.: с. 214-218 (81 назв.) | ||
| 606 |
_aТуризм _xИстория _yРоссия _3RU\NLR\auth\661308869 _92176191 |
||
| 606 |
_aТуризм _yРоссия _3RU\NLR\AUTH\6601750487 _92662460 |
||
| 686 | _aЧ518.13(2) | ||
| 700 | 1 |
_aУсыскин _bГ. С. _gГригорий С. _4070 |
|
| 801 | 0 |
_aRU _bNLR _c20000717 _gPSBO |
|
| 801 | 1 |
_aRU _bNLR _c20000717 |
|
| 852 |
_aNLR _j2000-3/6294 |
||
| 942 | _cBOOK | ||
| 980 | _aNB | ||